01133nam a2200265 a 4500001001000000005001700010041000800027044000800035084002000043100004500063245012300108260004500231300004800276500008700324500010400411500001100515546002400526650005200550650005600602650003400658650004500692700003900737700004100776740005000817BRCA_337820190320204242.0 aeng aenk a667b.R68c19021 aCervantes Saavedra, Miguel ded1547-161610aAdventures of Don Quixote de la ManchacTranslated from the Spanish of Miguel de Cervantes Saavedra by Charles Jarvis. aLondresbGeorge Routledge and Sonsc1902 a1 v. en 2 partes (xii, 531 p.)bil.c21 cm. aContenido : Primera parte. Prólogo del autor. Segunda parte. Prólogo del autor aEdición económica de la versión de Jarvis con ilustraciones de Gilbert. Tela Lúdovik Osterc aQM1110 aTexto en : inglés14aNovela españolayÉpoca clásica, 1500-170014aLiteratura españolayÉpoca clásica, 1500-170014aNovela españolaySiglo XVII14aDon Quijote (Personaje ficticio)eNovela1 aJarvis, Charlesd?-1739eTraductor1 aGilbert, Johnd1817-1897eIlustrador0 aEl Ingenioso Hidalgo Don Quijote de la Mancha